000 00259nam a22001217a 4500
008 170315b xxu||||| |||| 00| 0 eng d
041 _aeng
080 _25TH
_a591
100 _a7
101 _aSHM
245 _aDOMESTIC ANIMALS
_cBRUNER, D.W
942 _2udc
_cBK
999 _c7797
_d7797